000
00313nam a22001337a 4500
020
_q
HB.
040
_c
FIZZA ISHAQ
082
_a
515.57
_b
PAU
100
_a
MEYLAN, PAUL.
_9
86551
245
_a
PREDICTIVE HYDROLOGY /
_c
PAUL MEYLAN.
260
_a
NEW YORK :
_b
CRC,
_c
2012.
300
_a
212 P. ;
942
_2
ddc
_c
BK
999
_c
587385
_d
587385